Suturas intestinales (Registro nro. 154708)

Detalles MARC
000 -LEADER
campo de control de longitud fija 00726nam a22001815i 4500
001 - NÚMERO DE CONTROL
campo de control 154708
003 - IDENTIFICADOR DE NÚMERO DE CONTROL
campo de control ES-MaACL
005 - FECHA Y HORA DE LA ÚLTIMA TRANSACCIÓN
campo de control 20230906205826.0
008 - DATOS DE LONGITUD FIJA--INFORMACIÓN GENERAL
campo de control de longitud fija 990701s1897 sp |||| | spa d
040 ## - FUENTE DE CATALOGACIÓN
Centro catalogador/agencia de origen GA
Lengua de catalogación spa
Centro/agencia transcriptor CCPB | 3D
100 1# - ENTRADA PRINCIPAL--NOMBRE DE PERSONA
Nombre de persona Goyanes Cedrón, Vicente.
9 (RLIN) 127509
245 10 - MENCIÓN DEL TÍTULO
Título Suturas intestinales
Resto del título : aplicación del botón de Murphy y sus modificaciones /
Mención de responsabilidad, etc. por Vicente Goyanes Cedron.
260 ## - PUBLICACIÓN, DISTRIBUCIÓN, ETC.
Lugar de publicación, distribución, etc. Santiago de Compostela :
Nombre del editor, distribuidor, etc. [s.n.,
Fecha de publicación, distribución, etc. s.a.] (
Fabricante imp. de José M. Paredes)
300 ## - DESCRIPCIÓN FÍSICA
Extensión 33 p. ;
Dimensiones 22 cm.
594 ## - Nota al título y mención de responsabilidad
Nota al título y mención de responsabilidad Tesis-Universidad de Santiago de Compostela.
596 ## - NOTA AL PIE DE IMPRENTA
NOTA AL PIE DE IMPRENTA En port. : 25 junio 1897.
852 ## - LOCALIZACIÓN
Ubicación ES-MaACL
Número de control de estantería T-1136-F-8
Nota libre -- Enc. hol. falto de la cub. original
-- -- Enc. varias obras en un v.
Existencias
Estatus retirado Estado de pérdida Estado de daño No para préstamo Colección Biblioteca de origen Biblioteca actual Ubicación en estantería Fecha de adquisición Total de préstamos Signatura topográfica completa Código de barras Visto por última vez Precio de reemplazo Tipo de ítem Koha
        Colección de folletos Biblioteca del Ateneo de Madrid Biblioteca del Ateneo de Madrid Depósito folletos 17/01/2008   T-1136-F-8 1161814 23/02/2023 23/02/2023 Folleto